Can I interest you in insurance? (Record no. 118245)
[ view plain ]
| 000 -LEADER | |
|---|---|
| fixed length control field | 01431cam a2200241 4500 |
| 001 - CONTROL NUMBER | |
| control field | ABS68355 |
| 008 - FIXED-LENGTH DATA ELEMENTS--GENERAL INFORMATION | |
| fixed length control field | 041028n2004 000 0 eng u |
| 035 ## - SYSTEM CONTROL NUMBER | |
| System control number | (Sirsi) u127853 |
| 100 ## - MAIN ENTRY--PERSONAL NAME | |
| Personal name | Jucker, A. |
| 245 ## - TITLE STATEMENT | |
| Title | Can I interest you in insurance? |
| 260 ## - PUBLICATION, DISTRIBUTION, ETC. | |
| Date of publication, distribution, etc. | 2004 |
| 490 ## - SERIES STATEMENT | |
| Series statement | Building |
| Volume/sequential designation | 269(8354) 22 October 2004, 60-61(2) |
| 520 ## - SUMMARY, ETC. | |
| Summary, etc. | Discusses the new regulations that will be introduced from January 2005 for any firm that deals with insurance. Gives examples of activities that fall within the new regulations including, contractors who obtain insurance on behalf of, or handle claims, for other parties and anyone arranging insurance for joint ventures. Notes that many businesses and professions are calculating that if the new regulations apply to them, in many cases they are applying for FSA authorisation so they can continue to provide insurance services after the deadline. There are some limitations to the scope of the regime, such as a business providing insurance mediation and becoming an appointed representative of a principal; that is of a principal of a business already authorised by the FSA such as an insurance company. |
| 590 ## - LOCAL NOTE (RLIN) | |
| Local note | ABS |
| 590 ## - LOCAL NOTE (RLIN) | |
| Local note | ABS |
| 650 ## - SUBJECT ADDED ENTRY--TOPICAL TERM | |
| Topical term or geographic name entry element | FINANCIAL SERVICES REGULATION |
| 650 ## - SUBJECT ADDED ENTRY--TOPICAL TERM | |
| Topical term or geographic name entry element | INSURANCE COMPANY |
| 650 ## - SUBJECT ADDED ENTRY--TOPICAL TERM | |
| Topical term or geographic name entry element | INSURANCE CLAIM |
| 650 ## - SUBJECT ADDED ENTRY--TOPICAL TERM | |
| Topical term or geographic name entry element | FSA AUTHORISATION |
| 650 ## - SUBJECT ADDED ENTRY--TOPICAL TERM | |
| Topical term or geographic name entry element | PROFESSIONAL INDEMNITY INSURANCE |
| 690 ## - LOCAL SUBJECT ADDED ENTRY--TOPICAL TERM (OCLC, RLIN) | |
| Topical term or geographic name as entry element | INSURANCE |
| 9 (RLIN) | 6249 |
| 942 ## - ADDED ENTRY ELEMENTS (KOHA) | |
| Suppress in OPAC | 0 |
| Withdrawn status | Lost status | Source of classification or shelving scheme | Damaged status | Not for loan | Home library | Current library | Shelving location | Date acquired | Total Checkouts | Full call number | Barcode | Date last seen | Copy number | Price effective from | Koha item type |
|---|---|---|---|---|---|---|---|---|---|---|---|---|---|---|---|
| Dewey Decimal Classification | London | London | Journal article | 28/10/2004 | ABS68355 | 127853-1001 | 06/08/2019 | 1 | 06/08/2019 | Journal article |